Statistics for People born on islands

Click here to take the quiz!

General Stats

  • This quiz has been taken 42 times
    (36 since last reset)
  • The average score is 9 of 20

Answer Stats

PersonIsland% Correct
Yoko OnoHonshu
82%
Isaac NewtonGreat Britain
79%
Leif EriksonIceland
76%
Ang LeeTaiwan
64%
Freddie MercuryZanzibar
64%
SuhartoJava
61%
Cristiano RonaldoMadeira
61%
C.S. LewisIreland
58%
Woody AllenLong Island
58%
Russell CroweNorth Island
55%
Gloria EstefanCuba
45%
Lee Kuan YewSingapore
45%
Prince PhilipCorfu
36%
Alexander HamiltonNevis
30%
William ShatnerMontreal
27%
Nicole KidmanOahu
27%
Frank CapraSicily
27%
Hans Christian AndersenFunen
21%
Kelsey GrammerSaint Thomas
12%
Salman RushdieSalsette
3%

Score Distribution

Percentile by Number Answered

Percent of People with Each Score

Your Score History

You have not taken this quiz since the last reset